000
00323nam a22001337a 4500
008
171020b xxu||||| |||| 00| 0 eng d
020
_a
9780072456653
041
_a
eng
080
_2
6TH
_a
338
100
_a
54
101
_a
MIS
245
_a
CORPORATE INFORMATION STRATEGY AND MANAGEMENT
_c
APPLEGATE,L.M
942
_2
udc
_c
BK
999
_c
35113
_d
35113